000 00899nam a22002535i 4500
001 176436
003 ES-MaACL
005 20250809151249.0
008 110117s1963 sp af |||| | spa d
080 _a904(33)
100 0 _aParrot, André.
_989273
245 1 0 _aSamaria
_b: capital del reino de Israel /
_cAndré Parrot ; traducción revisada por J. A. G. Larraya.
260 _aBarcelona :
_bGarriga,
_cD. L. 1963.
300 _a122, [8] p. de lám. bl. y n. :
_bil. bl. y n. ;
_c21 cm.
490 1 _aCuadernos de Arqueología Bíblica ;
_v7
500 _aÍndices.
504 _aBibliografía: p. 113-117.
650 7 _aArqueología bíblica
_2embne
_99981
651 4 _aSamaria-
_xHistoria.
_9144772
700 1 _aLarraya, Juan A. G.
_970325
830 0 _aCuadernos de Arqueología Bíblica ;
_v7
_9190046
852 _aES-MaACL
_jE-14063
_xOlim P-379-bis
999 _c176436
_d176436